| 000 | 00879nas a2200301 4500 | ||
|---|---|---|---|
| 001 | BR2011000254 | ||
| 003 | BR-BrBNA | ||
| 005 | 20231205114405.0 | ||
| 007 | ta | ||
| 008 | 230509b bl.|||p| |||| 00| 00por d | ||
| 040 |
_aBR-BrBNA _bpor _cBiblioteca Nacional de Agricultura |
||
| 041 | _a(Pt) | ||
| 072 | _aH10 | ||
| 100 | 1 | _aMarques, O.M. | |
| 100 | 1 | _aGil-Santana, H.R. | |
| 245 | 1 | _aBostrichidae (Insecta: Coleoptera)em um agroecossistema cacaueiro da região sul do estado da Bahia | |
| 650 | _aBROCA | ||
| 650 | _aPRAGA DE PLANTA | ||
| 650 | _aCACAU | ||
| 650 | _aDINODERUS MINUTUS | ||
| 650 | _aCARUNCHO | ||
| 650 | _aARMADILHA LUMINOSA | ||
| 650 | _aTAXONOMIA | ||
| 650 | _aBAHIA | ||
| 773 | 0 |
_tMagistra (Brazil) _xISSN 0102-5333 _g(Jul-Set 2008), v. 20(3) p. 301-304 _wBR2011000254 |
|
| 909 |
_a202311 _bLúcia _c55 _dLúcia Elande |
||
| 942 |
_2AGRIS _n0 _cANA |
||
| 999 |
_c208556 _d208556 |
||